Welcome to CU Library Online Public Access Catalogue (OPAC)

The civil service in new African States, (Record no. 2583)

MARC details
000 -LEADER
fixed length control field 00488cam a22001691 4500
001 - CONTROL NUMBER
control field 6587616
005 - DATE AND TIME OF LATEST TRANSACTION
control field 20250116154900.0
008 - FIXED-LENGTH DATA ELEMENTS--GENERAL INFORMATION
fixed length control field 721128s1965 nyua 000 0 eng
050 00 - LIBRARY OF CONGRESS CALL NUMBER
Classification number JQ1876
Item number .A3
082 ## - DEWEY DECIMAL CLASSIFICATION NUMBER
Classification number 351.10967
100 1# - MAIN ENTRY--PERSONAL NAME
Personal name Adu, Amishadai L.,
Dates associated with a name 1914-
245 14 - TITLE STATEMENT
Title The civil service in new African States,
Statement of responsibility, etc. by A.L. Adu.
260 ## - PUBLICATION, DISTRIBUTION, ETC.
Place of publication, distribution, etc. New York,
Name of publisher, distributor, etc. F.A. Praeger
Date of publication, distribution, etc. [1965]
300 ## - PHYSICAL DESCRIPTION
Extent 242 p.
Other physical details illus.
Dimensions 23 cm.
650 #0 - SUBJECT ADDED ENTRY--TOPICAL TERM
Topical term or geographic name entry element Civil service
Geographic subdivision Africa, Sub-Saharan.
942 ## - ADDED ENTRY ELEMENTS (KOHA)
Source of classification or shelving scheme Library of Congress Classification
Koha item type Books
Suppress in OPAC No
999 ## -
-- 2583
-- 2583
Holdings
Withdrawn status Lost status Source of classification or shelving scheme Damaged status Not for loan Collection Home library Current library Shelving location Date acquired Total checkouts Full call number Barcode Date last seen Copy number Price effective from Koha item type
    Library of Congress Classification     Non-fiction Undergraduate Library (Christ Temple) Undergraduate Library (Christ Temple) General stacks 01/16/2025   JQ1876.A3 ADU ulct00000812 01/16/2025 1 01/16/2025 Books
© 2023-2024 Copyright: Central University Libraries. All Rights Reserved | Created by: Mahone Tech Office